000 00990nam a22002175i 4500
001 165124
003 ES-MaACL
005 20251011165010.0
008 020205s1879 sp |||| | spa d
040 _aCAM
_bspa
_cCAM
100 1 _aSegovia Rocaberti, Enrique.
_9132625
245 1 0 _aEntre dos tios
_b: pasillo lírico en un acto y en verso /
_coriginal de Enrique Segovia Rocaberti ; música del maestro Nieto.
260 _aMadrid :
_b[s.n.],
_c1879 (
_fImprenta de José Rodríguez)
300 _a31 p. ;
_c20 cm.
500 _aEn port.: Estrenado en la noche del 1º de abril de 1879 en el Teatro de Apolo.
500 _aSolo el texto.
596 1 _aEn verso de la port. consta: "... Administración Lirico-Dramática de Eduardo Hidalgo ..."
700 1 _aNieto, Manuel,
_d1844-1915
_9130485
852 _aES-MaACL
_jF-8556(5)
_z-- Enc. pasta española
_z-- Enc. en un vol. facticio formando parte de la col. facticia "Teatro español moderno", v.8
999 _c165124
_d165124